000 00746nam a22002057a 4500
003 OSt
005 20150408114039.0
008 120527s2011 ua a g b 00| 0 ara d
020 _a9789776341258
040 _cMU
082 0 4 _221
_a658.1511
_bر م م
100 1 _aراضي، محمد سامي.
_910270
245 1 2 _aالمدخل المعاصر في المحاسبة الإدارية /
_cتأليف محمد سامي راضي.
250 _aط. 1.
260 _aالإسكندرية، مصر :
_bدار التعليم الجامعي،
_c2011.
300 _a450 ص. :
_bجداول ؛
_c24 سم.
504 _aيشتمل على ارجاعات ببليوجرافية.
650 4 _a المحاسبة الإدارية.
_914988
942 _2ddc
_cDVD
999 _c23710
_d258210